00969nam a2200265 i 4500001001000000003000900010005001700019007000300036008004100039040003000080041000800110082002700118100005700145245008300202250004000285264003500325300005200360336002900412337003500441338002900476500005700505500007300562504003200635650003600667000044215DO-SdBNP20241002131452.0ta140610s2009 dr r 000 0 spa d aDO-SdBNPbspacBNPHUerda aspa 4a001.42bR696m 20092221 aRodríguez Castillo, Príamo,d1943-4aut. eautor10aMetodología de la investigación aplicada /cPríamo Rodríguez Castillo. a9na. Edición corregida y ampliada 1aSanto Domingo :bUtesa,c2009. aXVIII, 268 páginas :bilustraciones,c23 cm. atexto btxt2rdacontent  asin mediación bn 2rdamedia avolumen bnc2rdacarrier aIncluye datos biográficos del autor en las solapas aIncluye referencias bibliográficas y notas al pie de las páginas aBibliografía : p. 261-264 4aInvestigación xMetodología